000
00298nam a22001337a 4500
008
181106b xxu||||| |||| 00| 0 eng d
020
_a
9780070340268
041
_a
eng
080
_2
3 TH
_a
330
100
_a
58
101
_a
BUS
245
_a
Business Statistics
_c
Kazmier.L.J
942
_2
udc
_c
BK
999
_c
52046
_d
52046